000 00743nam a2200241Ia 4500
003 OSt
005 20220927104347.0
006 a|||||r|||| 00| 0
007 ta
008 220926b |||||||| |||| 00| 0 eng d
024 _a142378
037 _cReference Collections
040 _aRTL
_cRTL
_beng
041 _2eng
_aeng
082 _a"a494,12.N58, K8/RR"
110 _aInter-University Board of India (New Delhi)
_9365218
245 0 _aList of subjects in Arts and Sciences in which res
260 _aNew
_bDelhi The Board
_c1958
300 _a325p
_ccm.
700 _aInter-University Board of India (New Delhi)
_9365219
942 _h"a494,12.N58, K8/RR"
_cCC
999 _c686929
_d686929